| 000 | 00505nam a22001697a 4500 | ||
|---|---|---|---|
| 999 |
_c8406 _d8406 |
||
| 008 | 201118b ||||| |||| 00| 0 eng d | ||
| 040 | _aBMS College of Architecture | ||
| 100 | _aVarun, R | ||
| 245 | _aLandmark-A 5 star hotel | ||
| 300 | _aNA | ||
| 500 | _a1BM15AT116 | ||
| 502 |
_8B,Arch _NBMS College of Architecture, Visvesvaraya Technological University (VTU) _aProject report _d2019 |
||
| 650 | _aHotel | ||
| 700 |
_aKerman Sen _eGuide |
||
| 700 |
_aSri Ganesh Rajendran _eGuide |
||
| 942 |
_2ddc _cTHE |
||